000 01164nam a22003257a 4500
003 CHAP
005 20220817043347.0
008 971013s1985 r 00010 d
010 _a73144
011 _a74116
035 _a83674
040 _cCHAP
090 _aTesis
100 0 0 _aGarcía León, José Guillermo.
_946195
245 _aEvaluación del comportamiento de lechones alimentados con raciones balanceadas a costo mínimo, comparando alojamiento abierto y cerrado en la fase de iniciación
260 _aMonterrey, N.L. :
_bEl autor,
_c1985
300 _a38 h.
502 _aTesis (Ing. Agrícola Esp. en Zootecnia) -- ITESM. Div. de Ciencias Agropecuarias y Marítimas
590 _aALEPH
_b10
_c20130110
_lUCH01
_h1415
590 _aBATCH-UPD
_b10
_c20130110
_lUCH01
_h0455
590 _aBATCH-UPD
_b10
_c20130410
_lUCH01
_h0132
590 _aBATCH-UPD
_b10
_c20130914
_lUCH01
_h1522
590 _aCONVERSION
_b10
_c20130109
_lUCH01
_h1340
650 1 4 _aGanado porcino
_xAlimentación.
_945329
650 1 4 _aGanado porcino
_xAlojamiento.
_945331
650 1 4 _aLechones.
901 _aBK
942 _cTESIS
949 _bBC
_cTES
_d-38356
_eTS1
_i83674
_si
999 _c73144
_d73144